Información bibliográfica sobre los estudios monográficos contenidos en la Revista de derecho y jurisprudencia años 1903-1997
Guardado en:
| Autor principal: | |
|---|---|
| Formato: | Libro |
| Lenguaje: | español |
| Publicado: |
Santiago
Jurídica Congreso
1999
|
| Materias: | |
| Etiquetas: |
Agregar Etiqueta
Sin Etiquetas, Sea el primero en etiquetar este registro!
|
MARC
| LEADER | 00000cam a2200000 a 4500 | ||
|---|---|---|---|
| 001 | UCL0843 | ||
| 003 | CL-VaPUC | ||
| 008 | 030825e19990000CL |||||||||||||||||spa|d | ||
| 020 | |a 9567919054 | ||
| 082 | 0 | 4 | |a 025.32 |b SAR |2 21 |
| 100 | 0 | |a Sarovic Urzúa, Patricio Miguel |e author |9 477559 | |
| 245 | 1 | 0 | |a Información bibliográfica sobre los estudios monográficos contenidos en la Revista de derecho y jurisprudencia años 1903-1997 |
| 300 | |a 248 p | ||
| 942 | |c BK | ||
| 945 | |d 20030825 00:00:00 |a cmena | ||
| 260 | |a Santiago |b Jurídica Congreso |c 1999 | ||
| 650 | 7 | |a INFORMACION BIBLIOGRAFICA |2 CL-VaPUC |9 477560 | |
| 650 | 7 | |a DERECHO |2 CL-VaPUC |9 477561 | |
| 650 | 7 | |a JURISPRUDENCIA 1903 1993 |2 CL-VaPUC |9 477562 | |
| 583 | |a last modification |c 20180824 10:03:11 |k Rodrigo Vera | ||
| 999 | |c 304570 |d 304568 | ||
| 952 | |0 0 |1 0 |3 erb |4 0 |6 025_320000000000000_SAR_1999 |7 0 |8 F |9 367005 |a BIBDER |b BIBDER |e Mateluna Arestizabal, Alfredo Sergio |i 5489776 |l 1 |o 025.32 SAR 1999 |p 5489776 |r 2023-06-19 |s 2023-06-19 |w 2019-11-21 |y BK_F |z Catalogado en:20180824 |k DER | ||